Southville International School and Colleges
Your cart is empty.
  • Cart
  • Lists
    Public lists Eva Luna New books Lux_list list_1
    Your lists Log in to create your own lists
  • Log in to your account
  • Your cookies
  • Search history
Southville International School and Colleges
  • Advanced search
  • Recent comments
  • Most popular
  • Libraries

Log in to your account

Log in with GOOGLE


If you do not have an external account, but do have a local account, you can still log in:

  1. Home
  2. MARC view: Managing human resources :
Normal view MARC view ISBD view

Managing human resources : (Record no. 117939)

[ view plain ]
MARC details
000 -LEADER
fixed length control field 00636nam a2200193Ia 4500
003 - CONTROL NUMBER IDENTIFIER
control field SISC
005 - DATE AND TIME OF LATEST TRANSACTION
control field 20170313145149.0
008 - FIXED-LENGTH DATA ELEMENTS--GENERAL INFORMATION
fixed length control field 140609s9999 xx 000 0 und d
020 ## - INTERNATIONAL STANDARD BOOK NUMBER
International Standard Book Number 9780071318198
050 ## - LIBRARY OF CONGRESS CALL NUMBER
Classification number HF 5549
Item number .C2975 2013
100 ## - MAIN ENTRY--PERSONAL NAME
Personal name Cascio, Wayne F.
245 ## - TITLE STATEMENT
Title Managing human resources :
Remainder of title productivity, quality of work life, profits /
Statement of responsibility, etc Wayne F. Cascio.
250 ## - EDITION STATEMENT
Edition statement 9th edition.
260 ## - PUBLICATION, DISTRIBUTION, ETC. (IMPRINT)
Place of publication, distribution, etc New York, NY :
Name of publisher, distributor, etc McGraw-Hill/Irwin,
Date of publication, distribution, etc 2013.
300 ## - PHYSICAL DESCRIPTION
Extent 736 pages :
Other physical details illustrations ;
Dimensions 26 cm.
500 ## - GENERAL NOTE
General note Includes bibliographical references, glossary and index.
942 ## - ADDED ENTRY ELEMENTS (KOHA)
Call number prefix Foreign
Koha item type Books
Source of classification or shelving scheme Library of Congress Classification
Holdings
Withdrawn status Lost status Damaged status Home library Current library Shelving location Date acquired Total Checkouts Total Renewals Full call number Barcode Date last seen Date checked out Price effective from Koha item type
      College Library College Library Reserve Section 06/09/2014 2 11 HF 5549 .C2975 2013 C18227 05/15/2018 06/17/2016 06/09/2014 Books

Managing human resources :

APA

Cascio W. F., . (2013). Managing human resources. New York, NY: McGraw-Hill/Irwin.

Chicago

Cascio Wayne F, . 2013. Managing human resources. New York, NY: McGraw-Hill/Irwin.

Harvard

Cascio W. F., . (2013). Managing human resources. New York, NY: McGraw-Hill/Irwin.

MLA

Cascio Wayne F, . Managing human resources. New York, NY: McGraw-Hill/Irwin. 2013.

  • Place hold
  • Print
  • Cite
  • Add to your cart (remove)
  • Save record
    BIBTEX Dublin Core MARCXML MARC (non-Unicode/MARC-8) MARC (Unicode/UTF-8) MARC (Unicode/UTF-8, Standard) MODS (XML) RIS
  • More searches
    Search for this title in:
    Other Libraries (WorldCat) Other Databases (Google Scholar) Online Stores (Bookfinder.com) Open Library (openlibrary.org)

Exporting to Dublin Core...

SOUTHVILLE LIBRARY

Southville International School and Colleges Library

1281 Tropical Ave. Cor. Luxembourg St., BF Homes International, Las Pinas City

Tel. No. 8256374 / 252358 Loc. 117/146

Powered by Koha